Readings in public sector economics /

Perspectives on economics and the public sector. Economics of externalities. Economics of public goods. Economics of the political process. Economics of taxation. Economics of fiscal federalism.

Gardado en:
Detalles Bibliográficos
Outros autores: Baker, Samuel H. (Biên tập viên), Elliot, Catherine S. (Biên tập viên)
Formato: Libro
Idioma:English
Publicado: Lexington, Mass. : D.C. Heath, 1990.
Những chủ đề:
Các nhãn: Engadir etiqueta
Sen Etiquetas, Sexa o primeiro en etiquetar este rexistro!
Thư viện lưu trữ: Mạng thư viện Đại học Đà Nẵng
LEADER 01109cam a2200349 i 4500
001 000047791
003 7485
005 20030314095925.0
008 010316|1990 vm 000 eng
020 |a 0669180270 
040 |a IRC  |c IRC  |d IRC 
041 0 |a eng 
082 1 4 |a 336  |b Re-P 
245 0 0 |a Readings in public sector economics /  |c Edited by Samuel H. Baker, Catherine S. Elliott. 
260 |a Lexington, Mass. :  |b D.C. Heath,  |c 1990. 
300 |a vii, 603 p. :  |b ill. ;  |c 23.5cm. 
520 3 |a Perspectives on economics and the public sector. Economics of externalities. Economics of public goods. Economics of the political process. Economics of taxation. Economics of fiscal federalism. 
630 0 4 |a Finance. 
630 0 4 |a Economics. 
650 0 4 |a Finance, Public. 
700 1 |a Baker, Samuel H.,  |e editor. 
700 1 |a Elliot, Catherine S.,  |e editor. 
OWN |a DUT 
999 |a From the UDN01 
TYP |a Monograph 
TYP |a Printed language 
980 |a Mạng thư viện Đại học Đà Nẵng